[Event "DEM U12 2017"]
[Site "Willingen GER"]
[Date "2017.06.09"]
[Round "10"]
[White "Krastev, Alexander"]
[Black "Laux, Dominik"]
[Result "1-0"]
[Termination "normal"]
[Board "1"]
[WhiteElo "2180"]
[BlackElo "1759"]
[WhiteClock "00:03:24"]
[BlackClock "00:38:46"]
[PlyCount "133"]
[WhiteFideId "12989983"]
[BlackFideId "12994219"]
[EventCountry "GER"]
[EventRounds "11"]
[EventType "swiss"]
[EventDate "2017.06.03"]

1. e4 {[%clk 1:15:56]} 1... d5 {[%clk 1:15:51]} 2. exd5 {[%clk 1:16:21]} 2...
Qxd5 {[%clk 1:16:16]} 3. Nc3 {[%clk 1:16:46]} 3... Qd8 {[%clk 1:16:42]} 4. d4 {
[%clk 1:17:05]} 4... Nf6 {[%clk 1:17:04]} 5. Nf3 {[%clk 1:17:25]} 5... Bg4 {
[%clk 1:17:28]} 6. h3 {[%clk 1:17:15]} 6... Bxf3 {[%clk 1:17:51]} 7. Qxf3 {
[%clk 1:17:41]} 7... c6 {[%clk 1:18:16]} 8. Be3 {[%clk 1:17:54]} 8... e6 {
[%clk 1:18:23]} 9. Bd3 {[%clk 1:18:14]} 9... Nbd7 {[%clk 1:18:35]} 10. O-O {
[%clk 1:18:22]} 10... Bd6 {[%clk 1:18:37]} 11. Rfe1 {[%clk 1:16:51]} 11... O-O
{[%clk 1:18:59]} 12. Rad1 {[%clk 1:16:09]} 12... Qc7 {[%clk 1:18:40]} 13. Ne4 {
[%clk 1:08:10]} 13... Nxe4 {[%clk 1:17:33]} 14. Qxe4 {[%clk 1:08:37]} 14... Nf6
{[%clk 1:17:53]} 15. Qh4 {[%clk 1:09:01]} 15... Qe7 {[%clk 1:16:47]} 16. g4 {
[%clk 1:01:22]} 16... g6 {[%clk 1:15:25]} 17. Bg5 {[%clk 1:01:36]} 17... Kg7 {
[%clk 1:15:38]} 18. Re3 {[%clk 0:57:24]} 18... Qd8 {[%clk 1:15:36]} 19. Bh6+ {
[%clk 0:47:22]} 19... Kg8 {[%clk 1:16:02]} 20. Bxf8 {[%clk 0:47:29]} 20... Bxf8
{[%clk 1:16:06]} 21. c3 {[%clk 0:47:26]} 21... Bg7 {[%clk 1:15:43]} 22. Qg3 {
[%clk 0:44:11]} 22... Qd7 {[%clk 1:14:43]} 23. Ree1 {[%clk 0:43:40]} 23... Rd8
{[%clk 1:14:24]} 24. Bc2 {[%clk 0:43:25]} 24... Nd5 {[%clk 1:14:17]} 25. h4 {
[%clk 0:36:44]} 25... Qe7 {[%clk 1:13:34]} 26. Bb3 {[%clk 0:36:15]} 26... Nf6 {
[%clk 1:13:22]} 27. Qf3 {[%clk 0:35:05]} 27... Qc7 {[%clk 1:11:26]} 28. Kg2 {
[%clk 0:33:42]} 28... h5 {[%clk 1:10:32]} 29. g5 {[%clk 0:33:48]} 29... Ne8 {
[%clk 1:10:10]} 30. Qg3 {[%clk 0:28:29]} 30... Nd6 {[%clk 1:09:23]} 31. Qf4 {
[%clk 0:27:27]} 31... Qa5 {[%clk 1:08:30]} 32. Kg1 {[%clk 0:25:04]} 32... Nf5 {
[%clk 1:07:05]} 33. Bc2 {[%clk 0:22:52]} 33... Nd6 {[%clk 1:04:31]} 34. a4 {
[%clk 0:22:31]} 34... Rd7 {[%clk 1:03:30]} 35. b4 {[%clk 0:20:05]} 35... Qd8 {
[%clk 1:02:03]} 36. Bd3 {[%clk 0:17:46]} 36... a6 {[%clk 1:00:14]} 37. Qf3 {
[%clk 0:14:57]} 37... Qc8 {[%clk 0:57:50]} 38. Rb1 {[%clk 0:14:33]} 38... Rc7 {
[%clk 0:54:44]} 39. Qf4 {[%clk 0:14:24]} 39... Rd7 {[%clk 0:54:00]} 40. Rb3 {
[%clk 0:14:27]} 40... Kh8 {[%clk 0:52:39]} 41. Qe3 {[%clk 0:04:23]} 41... Rc7 {
[%clk 0:46:34]} 42. Qg3 {[%clk 0:01:31]} 42... Bf8 {[%clk 0:45:22]} 43. c4 {
[%clk 0:15:00]} 43... b5 {[%clk 0:59:22]} 44. axb5 {[%clk 0:15:10]} 44... axb5
{[%clk 0:59:40]} 45. c5 {[%clk 0:09:13]} 45... Ne8 {[%clk 0:58:38]} 46. Be4 {
[%clk 0:09:12]} 46... Bg7 {[%clk 0:57:28]} 47. Rd1 {[%clk 0:08:35]} 47... Qd7 {
[%clk 0:55:44]} 48. Rbd3 {[%clk 0:06:10]} 48... Ra7 {[%clk 0:53:06]} 49. Qf3 {
[%clk 0:05:25]} 49... Ra6 {[%clk 0:53:16]} 50. Ra3 {[%clk 0:04:45]} 50... Rxa3
{[%clk 0:52:24]} 51. Qxa3 {[%clk 0:05:10]} 51... Bxd4 {[%clk 0:52:03]} 52. Qf3
{[%clk 0:05:23]} 52... Nc7 {[%clk 0:50:14]} 53. Bxc6 {[%clk 0:05:40]} 53... Qd8
{[%clk 0:49:33]} 54. Qxf7 {[%clk 0:05:42]} 54... Bxf2+ {[%clk 0:48:44]} 55.
Kxf2 {[%clk 0:06:03]} 55... Qxd1 {[%clk 0:49:07]} 56. Qf8+ {[%clk 0:06:21]}
56... Kh7 {[%clk 0:48:55]} 57. Qf7+ {[%clk 0:03:47]} 57... Kh8 {[%clk 0:48:56]}
58. Qf8+ {[%clk 0:02:48]} 58... Kh7 {[%clk 0:48:10]} 59. Qf7+ {[%clk 0:00:53]}
59... Kh8 {[%clk 0:48:29]} 60. Qxc7 {[%clk 0:01:09]} 60... Qd2+ {[%clk 0:48:13]
} 61. Kg3 {[%clk 0:01:21]} 61... Qe3+ {[%clk 0:46:34]} 62. Bf3 {[%clk 0:01:33]}
62... Qg1+ {[%clk 0:39:22]} 63. Kh3 {[%clk 0:01:51]} 63... Qf1+ {[%clk 0:39:22]
} 64. Bg2 {[%clk 0:02:12]} 64... Qf5+ {[%clk 0:39:07]} 65. Kh2 {[%clk 0:02:38]}
65... e5 {[%clk 0:38:50]} 66. Qd8+ {[%clk 0:03:01]} 66... Kh7 {[%clk 0:38:46]}
67. Qe7+ {[%clk 0:03:24]} 1-0

[Event "DEM U12 2017"]
[Site "Willingen GER"]
[Date "2017.06.09"]
[Round "10"]
[White "Colbow, Collin"]
[Black "Lutz, Ruben"]
[Result "1/2-1/2"]
[Termination "normal"]
[Board "2"]
[WhiteElo "1968"]
[BlackElo "1893"]
[WhiteClock "00:40:46"]
[BlackClock "00:47:51"]
[PlyCount "55"]
[WhiteFideId "16201132"]
[BlackFideId "12975974"]
[EventCountry "GER"]
[EventRounds "11"]
[EventType "swiss"]
[EventDate "2017.06.03"]

1. e4 {[%clk 1:15:57]} 1... e6 {[%clk 1:15:52]} 2. d4 {[%clk 1:16:22]} 2... d5
{[%clk 1:16:19]} 3. Nd2 {[%clk 1:16:44]} 3... Nf6 {[%clk 1:16:43]} 4. e5 {
[%clk 1:17:09]} 4... Nfd7 {[%clk 1:17:08]} 5. Bd3 {[%clk 1:17:35]} 5... c5 {
[%clk 1:17:34]} 6. c3 {[%clk 1:18:01]} 6... Nc6 {[%clk 1:18:00]} 7. Ne2 { [%clk
1:18:26]} 7... cxd4 {[%clk 1:18:25]} 8. cxd4 {[%clk 1:18:52]} 8... f6 { [%clk
1:18:50]} 9. exf6 {[%clk 1:19:17]} 9... Nxf6 {[%clk 1:19:14]} 10. O-O { [%clk
1:19:42]} 10... Bd6 {[%clk 1:19:39]} 11. Nf3 {[%clk 1:20:08]} 11... Qc7 { [%clk
1:20:05]} 12. Bg5 {[%clk 1:20:32]} 12... O-O {[%clk 1:20:26]} 13. Bh4 { [%clk
1:20:58]} 13... Nh5 {[%clk 1:20:39]} 14. Qc2 {[%clk 1:21:23]} 14... h6 { [%clk
1:21:05]} 15. Bh7+ {[%clk 1:21:48]} 15... Kh8 {[%clk 1:21:30]} 16. Bg6 { [%clk
1:22:09]} 16... Rxf3 {[%clk 1:21:40]} 17. Bxh5 {[%clk 1:22:29]} 17... Rf8
{[%clk 1:22:03]} 18. Bg3 {[%clk 1:22:46]} 18... Bd7 {[%clk 1:22:17]} 19. Qd2 {
[%clk 1:21:49]} 19... Rf6 {[%clk 1:18:55]} 20. Rac1 {[%clk 1:19:43]} 20... Raf8
{[%clk 1:13:22]} 21. b4 {[%clk 1:12:51]} 21... Qb8 {[%clk 1:08:11]} 22. a3 {
[%clk 1:00:08]} 22... a6 {[%clk 1:04:41]} 23. Nc3 {[%clk 0:57:39]} 23... Ne7 {
[%clk 0:54:43]} 24. Bd1 {[%clk 0:52:03]} 24... Nf5 {[%clk 0:51:59]} 25. Bxd6 {
[%clk 0:51:15]} 25... Nxd6 {[%clk 0:52:09]} 26. Bc2 {[%clk 0:50:23]} 26... Be8
{[%clk 0:50:51]} 27. Bd3 {[%clk 0:46:34]} 27... b5 {[%clk 0:47:51]} 28. Qe2 {
[%clk 0:40:46]} 1/2-1/2

[Event "DEM U12 2017"]
[Site "Willingen GER"]
[Date "2017.06.09"]
[Round "10"]
[White "Lohvinov, Petro"]
[Black "Pubantz, Jan"]
[Result "0-1"]
[Termination "normal"]
[Board "3"]
[WhiteElo "1823"]
[BlackElo "1999"]
[WhiteClock "00:45:03"]
[BlackClock "00:05:59"]
[PlyCount "80"]
[WhiteFideId "14176661"]
[BlackFideId "12996114"]
[EventCountry "GER"]
[EventRounds "11"]
[EventType "swiss"]
[EventDate "2017.06.03"]

1. e4 {[%clk 1:15:56]} 1... c5 {[%clk 1:15:56]} 2. Nf3 {[%clk 1:16:06]} 2... d6
{[%clk 1:16:20]} 3. d4 {[%clk 1:16:32]} 3... cxd4 {[%clk 1:16:42]} 4. Nxd4 {
[%clk 1:16:58]} 4... Nf6 {[%clk 1:17:01]} 5. Nc3 {[%clk 1:17:19]} 5... a6 {
[%clk 1:17:23]} 6. Be3 {[%clk 1:17:34]} 6... e5 {[%clk 1:17:45]} 7. Nb3 { [%clk
1:17:59]} 7... Be6 {[%clk 1:17:59]} 8. f3 {[%clk 1:18:21]} 8... h5 { [%clk
1:18:20]} 9. Qd2 {[%clk 1:17:35]} 9... Nbd7 {[%clk 1:18:39]} 10. O-O-O { [%clk
1:16:55]} 10... Rc8 {[%clk 1:18:12]} 11. Kb1 {[%clk 1:12:34]} 11... Qc7 { [%clk
1:18:02]} 12. h3 {[%clk 1:06:46]} 12... b5 {[%clk 1:06:39]} 13. Bd3 { [%clk
1:03:58]} 13... h4 {[%clk 1:03:20]} 14. f4 {[%clk 1:03:33]} 14... Be7 { [%clk
1:02:26]} 15. f5 {[%clk 1:02:13]} 15... Bc4 {[%clk 1:02:49]} 16. Bxc4 { [%clk
1:01:26]} 16... bxc4 {[%clk 0:43:30]} 17. Nc1 {[%clk 1:01:34]} 17... Qb7 {[%clk
0:42:47]} 18. N1e2 {[%clk 1:00:29]} 18... Rb8 {[%clk 0:33:16]} 19. Na4 { [%clk
0:59:10]} 19... Nxe4 {[%clk 0:31:51]} 20. Qd5 {[%clk 0:58:54]} 20... Qxd5
{[%clk 0:27:38]} 21. Rxd5 {[%clk 0:59:15]} 21... Bd8 {[%clk 0:24:20]} 22. Nac3
{[%clk 0:59:19]} 22... Ndf6 {[%clk 0:24:15]} 23. Rdd1 {[%clk 0:59:07]} 23...
Bb6 {[%clk 0:23:00]} 24. Bxb6 {[%clk 0:55:11]} 24... Rxb6 {[%clk 0:23:26]} 25.
Rhf1 {[%clk 0:55:11]} 25... Ke7 {[%clk 0:22:43]} 26. Kc1 {[%clk 0:51:09]} 26...
Rh5 {[%clk 0:16:24]} 27. b3 {[%clk 0:49:58]} 27... cxb3 {[%clk 0:15:23]} 28.
cxb3 {[%clk 0:50:02]} 28... Rc6 {[%clk 0:13:52]} 29. Kb2 {[%clk 0:50:24]} 29...
Rg5 {[%clk 0:14:00]} 30. Rg1 {[%clk 0:46:16]} 30... Rxf5 {[%clk 0:13:48]} 31.
Rdf1 {[%clk 0:46:21]} 31... Rxf1 {[%clk 0:13:11]} 32. Rxf1 {[%clk 0:46:47]}
32... Ke6 {[%clk 0:12:12]} 33. Rd1 {[%clk 0:46:18]} 33... d5 {[%clk 0:11:33]}
34. Nxe4 {[%clk 0:44:58]} 34... Nxe4 {[%clk 0:11:54]} 35. a3 {[%clk 0:44:34]}
35... d4 {[%clk 0:09:06]} 36. Nc1 {[%clk 0:44:42]} 36... Nc5 {[%clk 0:07:59]}
37. b4 {[%clk 0:44:15]} 37... Na4+ {[%clk 0:07:55]} 38. Kb3 {[%clk 0:44:41]}
38... Nb6 {[%clk 0:07:16]} 39. Nd3 {[%clk 0:44:56]} 39... Rc3+ {[%clk 0:07:00]}
40. Ka2 {[%clk 0:45:03]} 40... Nc4 {[%clk 0:05:59]} 0-1

[Event "DEM U12 2017"]
[Site "Willingen GER"]
[Date "2017.06.09"]
[Round "10"]
[White "Weihrauch, Jakob"]
[Black "Evering, Sören"]
[Result "1-0"]
[Termination "normal"]
[Board "4"]
[WhiteElo "1965"]
[BlackElo "1718"]
[WhiteClock "00:50:29"]
[BlackClock "00:22:09"]
[PlyCount "65"]
[WhiteFideId "16210115"]
[BlackFideId "12974650"]
[EventCountry "GER"]
[EventRounds "11"]
[EventType "swiss"]
[EventDate "2017.06.03"]

1. e4 {[%clk 1:15:58]} 1... e5 {[%clk 1:15:48]} 2. Nf3 {[%clk 1:16:08]} 2...
Nc6 {[%clk 1:16:09]} 3. Bb5 {[%clk 1:16:23]} 3... a6 {[%clk 1:16:13]} 4. Ba4 {
[%clk 1:16:48]} 4... Nf6 {[%clk 1:16:31]} 5. O-O {[%clk 1:17:04]} 5... Be7 {
[%clk 1:16:44]} 6. Re1 {[%clk 1:17:26]} 6... b5 {[%clk 1:16:10]} 7. Bb3 { [%clk
1:17:51]} 7... d6 {[%clk 1:16:24]} 8. c3 {[%clk 1:17:56]} 8... O-O { [%clk
1:16:07]} 9. h3 {[%clk 1:18:15]} 9... Nb8 {[%clk 1:15:51]} 10. d4 { [%clk
1:18:23]} 10... Nbd7 {[%clk 1:15:36]} 11. Nbd2 {[%clk 1:18:31]} 11... Bb7
{[%clk 1:13:47]} 12. Bc2 {[%clk 1:18:49]} 12... Re8 {[%clk 1:13:50]} 13. Nf1 {
[%clk 1:19:09]} 13... Bf8 {[%clk 1:13:42]} 14. Ng3 {[%clk 1:19:31]} 14... g6 {
[%clk 1:13:20]} 15. a4 {[%clk 1:19:42]} 15... c5 {[%clk 1:11:00]} 16. d5 {
[%clk 1:19:33]} 16... Bg7 {[%clk 1:10:55]} 17. Bg5 {[%clk 1:18:53]} 17... c4 {
[%clk 1:09:48]} 18. Qd2 {[%clk 1:18:16]} 18... Nc5 {[%clk 1:05:31]} 19. Nh2 {
[%clk 1:17:59]} 19... Qb6 {[%clk 1:00:15]} 20. a5 {[%clk 1:10:13]} 20... Qc7 {
[%clk 1:00:10]} 21. Rf1 {[%clk 1:05:06]} 21... Rab8 {[%clk 0:52:39]} 22. f4 {
[%clk 1:00:39]} 22... Nfd7 {[%clk 0:37:41]} 23. f5 {[%clk 0:57:37]} 23... Ba8 {
[%clk 0:31:47]} 24. f6 {[%clk 0:56:05]} 24... Bh8 {[%clk 0:31:39]} 25. Ng4 {
[%clk 0:51:38]} 25... Qd8 {[%clk 0:30:56]} 26. Nh6+ {[%clk 0:49:28]} 26... Kf8
{[%clk 0:29:28]} 27. Qf2 {[%clk 0:49:15]} 27... Nb7 {[%clk 0:26:38]} 28. Ne2 {
[%clk 0:49:16]} 28... Nxa5 {[%clk 0:23:05]} 29. Qh4 {[%clk 0:49:35]} 29... b4 {
[%clk 0:21:20]} 30. Nxf7 {[%clk 0:49:46]} 30... Kxf7 {[%clk 0:21:23]} 31. Qxh7+
{[%clk 0:50:05]} 31... Kf8 {[%clk 0:21:43]} 32. Bh6+ {[%clk 0:50:29]} 32... Bg7
{[%clk 0:22:09]} 33. Qxg7# 1-0

[Event "DEM U12 2017"]
[Site "Willingen GER"]
[Date "2017.06.09"]
[Round "10"]
[White "Hommer, Jeremy"]
[Black "Kosev, Momchil"]
[Result "1-0"]
[Termination "normal"]
[Board "6"]
[WhiteElo "1899"]
[BlackElo "1757"]
[WhiteClock "00:20:25"]
[BlackClock "00:02:09"]
[PlyCount "145"]
[WhiteFideId "12992577"]
[BlackFideId "12975982"]
[EventCountry "GER"]
[EventRounds "11"]
[EventType "swiss"]
[EventDate "2017.06.03"]

1. g3 {[%clk 1:15:55]} 1... Nf6 {[%clk 1:15:38]} 2. Bg2 {[%clk 1:16:11]} 2...
e6 {[%clk 1:15:16]} 3. c4 {[%clk 1:15:39]} 3... Be7 {[%clk 1:15:12]} 4. Nf3 {
[%clk 1:15:23]} 4... O-O {[%clk 1:11:31]} 5. O-O {[%clk 1:14:36]} 5... d6 {
[%clk 1:10:02]} 6. Nc3 {[%clk 1:13:02]} 6... Nbd7 {[%clk 1:08:59]} 7. d4 {
[%clk 1:09:44]} 7... c5 {[%clk 1:06:33]} 8. b3 {[%clk 1:06:15]} 8... a6 { [%clk
1:05:06]} 9. Bb2 {[%clk 1:04:17]} 9... Qc7 {[%clk 1:01:42]} 10. Ne1 { [%clk
0:56:24]} 10... cxd4 {[%clk 0:55:44]} 11. Qxd4 {[%clk 0:55:44]} 11... Qc5
{[%clk 0:50:27]} 12. Nc2 {[%clk 0:53:26]} 12... Qxd4 {[%clk 0:44:31]} 13. Nxd4
{[%clk 0:53:54]} 13... Rd8 {[%clk 0:44:24]} 14. a3 {[%clk 0:52:39]} 14... Nf8 {
[%clk 0:42:16]} 15. Rfd1 {[%clk 0:52:06]} 15... Rb8 {[%clk 0:40:51]} 16. Rd2 {
[%clk 0:51:56]} 16... e5 {[%clk 0:40:51]} 17. Nc2 {[%clk 0:47:33]} 17... Be6 {
[%clk 0:40:08]} 18. Ne3 {[%clk 0:46:14]} 18... Ng6 {[%clk 0:36:24]} 19. Rad1 {
[%clk 0:44:37]} 19... Kf8 {[%clk 0:34:43]} 20. h4 {[%clk 0:43:39]} 20... Ke8 {
[%clk 0:30:34]} 21. Ncd5 {[%clk 0:41:12]} 21... Nxd5 {[%clk 0:26:07]} 22. Nxd5
{[%clk 0:41:25]} 22... Bxd5 {[%clk 0:24:41]} 23. Rxd5 {[%clk 0:40:59]} 23...
Nf8 {[%clk 0:21:43]} 24. Bc1 {[%clk 0:34:25]} 24... Ne6 {[%clk 0:20:48]} 25.
Be3 {[%clk 0:34:19]} 25... b6 {[%clk 0:16:23]} 26. R5d2 {[%clk 0:29:35]} 26...
f5 {[%clk 0:14:54]} 27. Bc6+ {[%clk 0:27:47]} 27... Kf8 {[%clk 0:15:07]} 28.
Bd5 {[%clk 0:27:32]} 28... Nc7 {[%clk 0:14:52]} 29. Bc6 {[%clk 0:26:43]} 29...
Ne6 {[%clk 0:14:43]} 30. Rc2 {[%clk 0:26:06]} 30... Bf6 {[%clk 0:10:38]} 31. b4
{[%clk 0:22:06]} 31... Ke7 {[%clk 0:08:30]} 32. Bd5 {[%clk 0:20:34]} 32... Rdc8
{[%clk 0:07:22]} 33. Rcd2 {[%clk 0:14:59]} 33... Rd8 {[%clk 0:07:29]} 34. Rd3 {
[%clk 0:10:19]} 34... g6 {[%clk 0:05:55]} 35. Bc1 {[%clk 0:09:26]} 35... Nd4 {
[%clk 0:03:45]} 36. Kf1 {[%clk 0:09:35]} 36... a5 {[%clk 0:03:41]} 37. Bg5 {
[%clk 0:08:06]} 37... Bxg5 {[%clk 0:03:19]} 38. hxg5 {[%clk 0:08:22]} 38... Ne6
{[%clk 0:02:50]} 39. f4 {[%clk 0:08:00]} 39... e4 {[%clk 0:02:52]} 40. R3d2 {
[%clk 0:07:15]} 40... Nc7 {[%clk 0:03:05]} 41. Rc2 {[%clk 0:06:11]} 41... Na6 {
[%clk 0:03:03]} 42. Rb1 {[%clk 0:05:51]} 42... Rdc8 {[%clk 0:02:09]} 43. Rcb2 {
[%clk 0:05:33]} 43... a4 {[%clk 0:15:02]} 44. Rc2 {[%clk 0:20:15]} 44... Kd7 {
[%clk 0:14:46]} 45. e3 {[%clk 0:19:51]} 45... Ke7 {[%clk 0:14:53]} 46. Kf2 {
[%clk 0:20:13]} 46... Rc7 {[%clk 0:13:49]} 47. g4 {[%clk 0:20:22]} 47... Rbc8
48. gxf5 {[%clk 0:19:32]} 48... gxf5 {[%clk 0:13:52]} 49. Rh1 {[%clk 0:19:53]}
49... Kf8 {[%clk 0:10:11]} 50. Rh6 {[%clk 0:19:54]} 50... Rd8 {[%clk 0:10:11]}
51. Rf6+ {[%clk 0:19:54]} 51... Kg7 {[%clk 0:09:27]} 52. Rxf5 {[%clk 0:19:53]}
52... Re8 {[%clk 0:05:54]} 53. Rf6 {[%clk 0:20:08]} 53... Rd8 {[%clk 0:04:39]}
54. Bxe4 {[%clk 0:19:30]} 54... Kg8 {[%clk 0:04:02]} 55. Rd2 {[%clk 0:19:26]}
55... Kg7 {[%clk 0:02:19]} 56. Rfxd6 {[%clk 0:19:41]} 56... Re8 {[%clk 0:01:42]
} 57. Rd7+ {[%clk 0:19:48]} 57... Re7 {[%clk 0:01:58]} 58. Rxc7 {[%clk 0:19:44]
} 58... Rxc7 {[%clk 0:02:14]} 59. Rd6 {[%clk 0:19:54]} 59... Re7 { [%clk
0:01:52]} 60. Rxb6 {[%clk 0:19:59]} 60... Nxb4 {[%clk 0:01:49]} 61. Rxb4 {[%clk
0:20:07]} 61... Rxe4 {[%clk 0:02:12]} 62. Rxa4 {[%clk 0:20:15]} 62... Re7
{[%clk 0:02:09]} 63. Rb4 {[%clk 0:20:25]} 63... Ra7 64. a4 Ra5 65. Kf3 Kg6 66.
Kg4 Rc5 67. f5+ Kg7 68. e4 Ra5 69. Kf4 Kf7 70. e5 Rc5 71. e6+ Kf8 72. f6 Rc8
73. a5 1-0

[Event "DEM U12 2017"]
[Site "Willingen GER"]
[Date "2017.06.09"]
[Round "10"]
[White "Bui, Bao Anh Le"]
[Black "Morgenstern, Tobias"]
[Result "0-1"]
[Termination "normal"]
[Board "7"]
[WhiteElo "1748"]
[BlackElo "1418"]
[WhiteClock "00:03:56"]
[BlackClock "00:01:12"]
[PlyCount "78"]
[WhiteFideId "12970719"]
[BlackFideId "12974390"]
[EventCountry "GER"]
[EventRounds "11"]
[EventType "swiss"]
[EventDate "2017.06.03"]

1. e4 {[%clk 1:15:53]} 1... e5 {[%clk 1:15:40]} 2. Nf3 {[%clk 1:15:54]} 2...
Nc6 {[%clk 1:15:54]} 3. Bc4 {[%clk 1:16:07]} 3... Bc5 {[%clk 1:16:19]} 4. c3 {
[%clk 1:15:54]} 4... Nf6 {[%clk 1:16:39]} 5. d3 {[%clk 1:16:20]} 5... a6 {
[%clk 1:16:39]} 6. Bb3 {[%clk 1:16:44]} 6... Ba7 {[%clk 1:16:41]} 7. Nbd2 {
[%clk 1:17:03]} 7... d6 {[%clk 1:14:51]} 8. h3 {[%clk 1:15:03]} 8... h6 { [%clk
1:11:22]} 9. Nf1 {[%clk 1:13:44]} 9... O-O {[%clk 1:11:05]} 10. Ng3 { [%clk
1:13:45]} 10... d5 {[%clk 1:07:18]} 11. Qe2 {[%clk 1:13:34]} 11... d4 { [%clk
1:02:16]} 12. O-O {[%clk 1:13:13]} 12... Qd6 {[%clk 1:00:18]} 13. Nh4 { [%clk
1:09:07]} 13... Ne7 {[%clk 0:59:54]} 14. Kh1 {[%clk 1:00:07]} 14... g5 { [%clk
0:48:03]} 15. Nhf5 {[%clk 0:48:49]} 15... Nxf5 {[%clk 0:48:07]} 16. Nxf5 {[%clk
0:46:02]} 16... Bxf5 {[%clk 0:48:29]} 17. exf5 {[%clk 0:46:29]} 17... Rad8
{[%clk 0:48:15]} 18. c4 {[%clk 0:36:53]} 18... Kh7 {[%clk 0:47:23]} 19. Re1
{[%clk 0:31:41]} 19... Rfe8 {[%clk 0:47:26]} 20. Qf3 {[%clk 0:25:41]} 20... c6
{[%clk 0:45:52]} 21. Bd2 {[%clk 0:21:19]} 21... Bb8 {[%clk 0:45:43]} 22. g3
{[%clk 0:18:35]} 22... Re7 {[%clk 0:39:49]} 23. Kg2 {[%clk 0:13:45]} 23... Rde8
{[%clk 0:39:10]} 24. Bc2 {[%clk 0:13:18]} 24... b5 {[%clk 0:35:57]} 25. b3 {
[%clk 0:11:14]} 25... c5 {[%clk 0:24:45]} 26. Re2 {[%clk 0:09:10]} 26... Bc7 {
[%clk 0:24:23]} 27. Rh1 {[%clk 0:08:27]} 27... Rb8 {[%clk 0:24:18]} 28. g4 {
[%clk 0:07:40]} 28... bxc4 {[%clk 0:23:44]} 29. bxc4 {[%clk 0:07:54]} 29... Rd8
{[%clk 0:22:32]} 30. Bb1 {[%clk 0:05:01]} 30... Rg8 {[%clk 0:11:00]} 31. h4 {
[%clk 0:04:32]} 31... gxh4 {[%clk 0:07:22]} 32. Rxh4 {[%clk 0:05:01]} 32...
Nxg4 {[%clk 0:03:55]} 33. Rxg4 {[%clk 0:05:25]} 33... e4 {[%clk 0:04:01]} 34.
Rexe4 {[%clk 0:03:53]} 34... Rxg4+ {[%clk 0:01:08]} 35. Rxg4 {[%clk 0:03:12]}
35... Qh2+ {[%clk 0:01:17]} 36. Kf1 {[%clk 0:03:36]} 36... h5 {[%clk 0:01:01]}
37. Qg2 {[%clk 0:03:18]} 37... hxg4 {[%clk 0:00:50]} 38. Qxh2+ {[%clk 0:03:33]}
38... Bxh2 {[%clk 0:01:17]} 39. Kg2 {[%clk 0:03:56]} 39... Re2 {[%clk 0:01:12]}
0-1

[Event "DEM U12 2017"]
[Site "Willingen GER"]
[Date "2017.06.09"]
[Round "10"]
[White "Arakelian, Aik"]
[Black "Neuber, Pascal"]
[Result "1-0"]
[Termination "normal"]
[Board "9"]
[WhiteElo "1737"]
[BlackElo "1632"]
[WhiteClock "00:56:31"]
[BlackClock "00:17:12"]
[PlyCount "37"]
[WhiteFideId "16220340"]
[BlackFideId "16227611"]
[EventCountry "GER"]
[EventRounds "11"]
[EventType "swiss"]
[EventDate "2017.06.03"]

1. e4 {[%clk 1:15:55]} 1... c5 {[%clk 1:15:55]} 2. Nf3 {[%clk 1:16:18]} 2...
Nc6 {[%clk 1:16:20]} 3. Bb5 {[%clk 1:16:40]} 3... g6 {[%clk 1:14:14]} 4. O-O {
[%clk 1:16:47]} 4... Bg7 {[%clk 1:14:26]} 5. c3 {[%clk 1:17:07]} 5... Nf6 {
[%clk 1:11:21]} 6. e5 {[%clk 1:15:47]} 6... Nd5 {[%clk 1:09:22]} 7. d4 { [%clk
1:14:25]} 7... cxd4 {[%clk 1:09:06]} 8. cxd4 {[%clk 1:14:44]} 8... O-O { [%clk
1:08:01]} 9. Nc3 {[%clk 1:14:25]} 9... Nxc3 {[%clk 1:05:52]} 10. bxc3 { [%clk
1:14:30]} 10... a6 {[%clk 1:05:04]} 11. Bd3 {[%clk 1:13:34]} 11... b5 { [%clk
0:56:00]} 12. Ba3 {[%clk 1:10:55]} 12... Re8 {[%clk 0:53:10]} 13. Nd2 { [%clk
1:10:33]} 13... Bb7 {[%clk 0:49:16]} 14. f4 {[%clk 1:09:56]} 14... Qa5 { [%clk
0:43:52]} 15. Qb3 {[%clk 1:07:44]} 15... Qc7 {[%clk 0:35:59]} 16. f5 { [%clk
0:57:50]} 16... Rac8 {[%clk 0:24:43]} 17. fxg6 {[%clk 0:56:17]} 17... hxg6
{[%clk 0:16:52]} 18. Qxf7+ {[%clk 0:56:31]} 18... Kh8 {[%clk 0:17:12]} 19. Qxg6
1-0